LEADER 02426nam 2200541 450 001 9910480095303321 005 20170821175414.0 010 $a0-309-30747-3 035 $a(CKB)3710000000352357 035 $a(EBL)3379420 035 $a(SSID)ssj0001469959 035 $a(PQKBManifestationID)11818512 035 $a(PQKBTitleCode)TC0001469959 035 $a(PQKBWorkID)11400982 035 $a(PQKB)10178078 035 $a(MiAaPQ)EBC3379420 035 $a(EXLCZ)993710000000352357 100 $a20150213h20142014 uy 0 101 0 $aeng 135 $aur|n|---||||| 181 $ctxt 182 $cc 183 $acr 200 10$aFinancing population health improvement $eworkshop summary /$fJoe Alper and Alina Baciu, rapporteurs ; Roundtable on Population Health Improvement, Board on Population Health and Public Health Practice, Institute of Medicine of the National Academies 210 1$aWashington, District of Columbia :$cThe National Academies Press,$d2014. 210 4$dİ2014 215 $a1 online resource (84 p.) 300 $aDescription based upon print version of record. 311 $a0-309-30746-5 320 $aIncludes bibliographical references. 327 $a""Frontmatter""; ""Reviewers""; ""Contents""; ""Acronyms""; ""1 Introduction and Overview""; ""2 Paying for Population Health Improvement: An Overview""; ""3 Health Care System Investments in Population Health Improvement""; ""4 Community Development and Population Health""; ""5 Pay-for-Success Financing and Population Health""; ""6 Implications of New and Emerging Sources of Population Health Funding""; ""Appendix A--References""; ""Appendix B--Workshop Agenda""; ""Appendix C--Biographical Sketches of Workshop Speakers and Moderators"" 606 $aHealth status indicators$zUnited States 608 $aElectronic books. 615 0$aHealth status indicators 676 $a362.10973 700 $aAlper$b Joe$0876717 702 $aBaciu$b Alina 712 02$aRoundtable on Population Health Improvement. 712 02$aBoard on Population Health and Public Health Practice. 712 02$aInstitute of Medicine (U.S.) 712 12$aResources for Population Health Improvement (Workshop) 801 0$bMiAaPQ 801 1$bMiAaPQ 801 2$bMiAaPQ 906 $aBOOK 912 $a9910480095303321 996 $aFinancing population health improvement$92212708 997 $aUNINA LEADER 01665nam 2200433 450 001 9910592296003321 005 20230630003400.0 010 $a0-19-264937-X 010 $a0-19-191853-9 010 $a0-19-264936-1 035 $a(CKB)4100000011954238 035 $a(MiAaPQ)EBC6640085 035 $a(Au-PeEL)EBL6640085 035 $a(OCoLC)1257083713 035 $a(EXLCZ)994100000011954238 100 $a20220203d2021 uy 0 101 0 $aeng 135 $aurcnu|||||||| 181 $ctxt$2rdacontent 182 $cc$2rdamedia 183 $acr$2rdacarrier 200 04$aThe challenges of technology and economic catch-up in emerging economies /$fedited by Jeong-Dong Lee [and four others] 210 1$aOxford, England :$cOxford University Press,$d[2021] 210 4$dİ2021 215 $a1 online resource (517 pages) 311 $a0-19-289604-0 330 $aInnovation and technological capability are pivotal driving forces behind economic growth. This book synthesizes existing knowledge on technology upgrading failures to better understand the challenges of technology upgrading in emerging economies in an increasingly complex and connected world. 606 $aTechnological innovations$xEconomic aspects$zDeveloping countries 607 $aDeveloping countries$2fast 615 0$aTechnological innovations$xEconomic aspects 676 $a338.064091724 702 $aYi$b Cho?ng-dong$f1967- 801 0$bMiAaPQ 801 1$bMiAaPQ 801 2$bMiAaPQ 906 $aBOOK 912 $a9910592296003321 996 $aThe challenges of technology and economic catch-up in emerging economies$92915132 997 $aUNINA